Esclavos modernos : las víctimas de la globalización /

Obra que da cuenta de la situación infrahumana en que viven los grupos sociales marginados conformados por niños, mujeres, obreros, inmigrantes que son sometidos a diversas clases de abusos en diversas latitudes de este mundo globalizado, entre los que destacan Brasil, Honduras, India, Filipinas, Ca...

Descripción completa

Guardado en:
Detalles Bibliográficos
Autor principal: Dusster, David (autor)
Formato: Libro
Idioma:Español
Publicado: Barcelona, España : Urano, 2006, c2006
Temas:
Etiquetas: Agrega una etiqueta
Sin etiquetas, Sé el primero en etiquetar este registro!

MARC

LEADER 00000nam^a2200000^a^4500
001 000189820
005 20250521000000.0
009 20260310102425.991
020 |a 84-934642-1-X 
037 |a Acervo ITESO - Biblioteca 
041 |a ESP 
082 |a 305. 56  |b DUS 
100 |a Dusster, David  |e (autor) 
245 1 0 |a Esclavos modernos :  |b las víctimas de la globalización /  |c D. Dusster. 
264 4 |a Barcelona, España :  |b Urano,  |c 2006, c2006 
300 |a 204 p. 
336 |a texto  |b txt  |2 rdacontenido 
337 |a sin mediación  |b n  |2 rdamedio 
338 |a volumen  |b nc  |2 rdasoporte 
520 |a Obra que da cuenta de la situación infrahumana en que viven los grupos sociales marginados conformados por niños, mujeres, obreros, inmigrantes que son sometidos a diversas clases de abusos en diversas latitudes de este mundo globalizado, entre los que destacan Brasil, Honduras, India, Filipinas, Camboya, Marruecos, China, Vietnam y Sudáfrica. 
649 |a XX 
650 |a Niños -  |x Condiciones Sociales y Culturales 
650 |a Mujeres -  |x Condiciones Sociales y Culturales 
650 |a Migrantes -  |x Condiciones Sociales y Culturales 
650 |a Obreros -  |x Condiciones Sociales y Culturales 
650 |a Personal de Servicio -  |x Condiciones Sociales y Culturales 
650 |a Marginados Sociales -  |x Tema Principal 
650 |a Pobreza 
650 |a Igualdad y Desigualdad 
650 |a Justicia e Injusticia 
650 |a Discriminación 
650 |a Abuso de Poder 
650 |a Tráfico de Personas 
650 |a Prostitución 
650 |a Explotación 
650 |a Maquiladoras 
650 |a Esclavitud 
650 |a Grupos Sociales 
650 |a Globalización 
650 |a Problemas Sociales 
650 |a Sociología 
910 |a Fondo General 
920 |a Impresos - Libros 
930 |a Colección General 
905 |a 101 
901 |a 0500132912  |b IT1  |c ACC  |u 20250521 
902 |a https://opac.biblio.iteso.mx/vufind/Record/000189820